| 000 | 00918nam a2200277Ia 4500 | ||
|---|---|---|---|
| 005 | 20250117103550.0 | ||
| 008 | 008 250103s9999 xx 000 0 eng d | ||
| 020 | _a9783031270536 | ||
| 037 | _aTextual | ||
| 040 |
_aCSL _beng _cCSL |
||
| 041 |
_aeng _2eng |
||
| 084 |
_aD65,8(B):(894) R3 _qCSL |
||
| 100 |
_aZhang, Chen _9731701 |
||
| 245 | 0 |
_aBlockchain applications in food supply chain management _cZhang, Chen; Gong, Yu; Brown, Steve |
|
| 260 |
_aCham _bSpringer Switzerland _c2023 |
||
| 300 | _axiii,304p. Col.ill. | ||
| 650 |
_a Case analysis fair chain _9733913 |
||
| 650 |
_a Cross-case analysis _9733914 |
||
| 650 |
_a Implications and conclusion _9733915 |
||
| 650 |
_a Research Methodology _9237789 |
||
| 650 | _aOperational Research | ||
| 700 |
_a Brown, Steve _9458404 |
||
| 700 |
_a Gong, Yu _9733916 |
||
| 942 |
_cTEXL _hD65,8(B):(894) R3 |
||
| 999 |
_c1237749 _d1237749 |
||